[Event "Riga Tech op 11th"]
[Site "Riga"]
[Date "2022.08.18"]
[Round "6"]
[White "Hryzlova, Sofiia"]
[Black "Mierins, Eriks"]
[Result "0-1"]
[WhiteElo "2293"]
[BlackElo "2071"]
[PlyCount "98"]
[EventDate "2022.08.15"]
[EventType "swiss"]
[EventRounds "9"]
[EventCountry "LAT"]
[SourceTitle "CBM 209 Extra"]
[Source "ChessBase"]
[SourceDate "2022.09.30"]
[SourceVersion "1"]
[SourceVersionDate "2022.09.30"]
[SourceQuality "1"]

1. d4 d5 2. c4 c6 3. Nf3 Nf6 4. Nbd2 Bf5 5. Nh4 Be4 6. Qb3 Qb6 7. f3 Bg6 8. Qxb6 axb6 9. Nxg6 hxg6 10. e3 e6 11. Kf2 Na6 12. cxd5 exd5 13. Nb1 Nb4 14. Nc3 Bd6 15. g3 Kd7 16. Bd2 g5 17. a3 g4 18. Rc1 Na6 19. e4 gxf3 20. e5 Ng4+ 21. Kxf3 Nxh2+ 22. Kg2 Nxf1 23. Rhxf1 Be7 24. Rxf7 Rhg8 25. Ne2 Raf8 26. Rcf1 Rxf7 27. Rxf7 Ke6 28. Rf1 Rf8 29. Nf4+ Kd7 30. Rh1 Nc7 31. Ng6 Rf7 32. Nxe7 Rxe7 33. Bb4 Re8 34. Rf1 Ke6 35. Rf4 Nb5 36. Rg4 Rg8 37. Bd2 g5 38. Bxg5 Kf5 39. Rf4+ Kxg5 40. a4 Nc7 41. Rf7 Ne6 42. Rxb7 Nxd4 43. Rxb6 Kf5 44. b4 Kxe5 45. b5 cxb5 46. axb5 Nf5 47. Rb7 Rxg3+ 48. Kf2 Rb3 49. b6 Nd6 0-1

[Event "Riga Tech op 11th"]
[Site "Riga"]
[Date "2022.08.15"]
[Round "1"]
[White "Mierins, Eriks"]
[Black "Laurusas, Tomas"]
[Result "0-1"]
[WhiteElo "2071"]
[BlackElo "2573"]
[PlyCount "56"]
[EventDate "2022.08.15"]
[EventType "swiss"]
[EventRounds "9"]
[EventCountry "LAT"]
[SourceTitle "CBM 209 Extra"]
[Source "ChessBase"]
[SourceDate "2022.09.30"]
[SourceVersion "1"]
[SourceVersionDate "2022.09.30"]
[SourceQuality "1"]

1. e4 c5 2. Nf3 e6 3. d4 cxd4 4. Nxd4 a6 5. c4 Nf6 6. Nc3 Qc7 7. Be2 Bb4 8. 0-0 0-0 9. Qc2 d6 10. Be3 Bxc3 11. bxc3 Nbd7 12. f4 Nb6 13. e5 dxe5 14. fxe5 Qxe5 15. Nf5 exf5 16. Bxb6 Qd6 17. Bd4 Ng4 18. Bxg4 fxg4 19. Qf2 Qg6 20. Rab1 Re8 21. Rb6 Re6 22. Re1 h6 23. c5 Kh7 24. Rexe6 Bxe6 25. Rxb7 Re8 26. Rb6 f6 27. Qf1 Bd5 28. Rxa6 Bc4 0-1

[Event "Riga Tech op-A"]
[Site "Riga"]
[Date "2019.08.05"]
[Round "1"]
[White "Theodorou, Nikolas"]
[Black "Mierins, Eriks"]
[Result "1-0"]
[WhiteElo "2548"]
[BlackElo "2213"]
[PlyCount "67"]
[EventDate "2019.08.05"]
[EventType "swiss"]
[EventRounds "9"]
[EventCountry "LAT"]
[SourceTitle "CBM 191 Extra"]
[Source "ChessBase"]
[SourceDate "2019.09.30"]
[SourceVersion "1"]
[SourceVersionDate "2019.09.30"]
[SourceQuality "1"]

1. d4 d5 2. c4 c6 3. Nf3 Nf6 4. g3 Bf5 5. Bg2 e6 6. 0-0 Bd6 7. Nc3 Nbd7 8. Nd2 0-0 9. e4 dxe4 10. Ndxe4 Be7 11. Bf4 Nxe4 12. Nxe4 Nf6 13. Nc3 Bd6 14. Qd2 Qc7 15. Bg5 Be7 16. h3 Rad8 17. Rad1 Rd7 18. Bf4 Bd6 19. Bxd6 Qxd6 20. Qe3 Qb4 21. b3 Rfd8 22. g4 Bg6 23. f4 Qa5 24. Rd2 h6 25. Rfd1 Kf8 26. Bf3 Re7 27. Ne2 Qb6 28. g5 hxg5 29. fxg5 Nh5 30. Qf2 e5 31. c5 Qb4 32. Qh4 exd4 33. Nf4 d3 34. Nxg6+ 1-0

[Event "Riga Termo Eko Cup 13th"]
[Site "Riga"]
[Date "2018.12.22"]
[Round "3"]
[White "Starostits, Ilmars"]
[Black "Mierins, Eriks"]
[Result "1-0"]
[WhiteElo "2458"]
[BlackElo "2240"]
[PlyCount "133"]
[EventDate "2018.12.21"]
[EventType "swiss"]
[EventRounds "9"]
[EventCountry "LAT"]
[SourceTitle "CBM 188 Extra"]
[Source "ChessBase"]
[SourceDate "2019.02.26"]
[SourceVersion "1"]
[SourceVersionDate "2019.02.26"]
[SourceQuality "1"]

1. d4 d5 2. c4 e6 3. Nf3 Nf6 4. g3 Bb4+ 5. Bd2 Be7 6. Bg2 0-0 7. 0-0 Nbd7 8. Qc2 Ne4 9. Rd1 c6 10. Bf4 g5 11. Bc1 f5 12. Nc3 Nd6 13. b3 dxc4 14. bxc4 Nxc4 15. e4 Ndb6 16. a4 a5 17. Qb3 g4 18. Ne5 Nxe5 19. dxe5 Qc7 20. Be3 Bb4 21. Rac1 c5 22. exf5 Rxf5 23. Ne4 c4 24. Qa2 Nd5 25. Rxc4 Qe7 26. Nd6 Nxe3 27. fxe3 Rf8 28. Rxg4+ Kh8 29. Rh4 Bc5 30. Qe2 Qg5 31. Nc4 Ra7 32. Be4 b6 33. Rh5 Qg8 34. Nd6 Ba6 35. Qd2 Qg4 36. Rh4 Bxe3+ 37. Kg2 Bxd2 38. Rxg4 Be2 39. Rxd2 Bxg4 40. h3 Bf5 41. Bxf5 exf5 42. Kf3 Rc7 43. Re2 Kg7 44. Kf4 Kg6 45. Rb2 Rc6 46. h4 Rd8 47. Rb5 Rd7 48. Rb1 Re7 49. h5+ Kxh5 50. Kxf5 Rxe5+ 51. Kxe5 Kg4 52. Rb3 h5 53. Kd5 Rc5+ 54. Kd4 Rc1 55. Nc4 Rg1 56. Ne5+ Kf5 57. Rf3+ Kg5 58. Kd5 Rd1+ 59. Ke6 Re1 60. Rf5+ Kh6 61. Kf6 Rh1 62. Ng6 Rc1 63. Ne7 Rc4 64. Rg5 h4 65. gxh4 Rxa4 66. Nf5+ Kh7 67. Rh5+ 1-0

[Event "Olaine rapid op"]
[Site "Olaine"]
[Date "2018.11.25"]
[Round "5"]
[White "Rogule, Laura"]
[Black "Mierins, Eriks"]
[Result "1-0"]
[WhiteElo "2263"]
[BlackElo "2240"]
[PlyCount "41"]
[EventDate "2018.11.25"]
[EventType "swiss (rapid)"]
[EventRounds "9"]
[EventCountry "LAT"]
[SourceTitle "CBM 187 Extra"]
[Source "ChessBase"]
[SourceDate "2018.11.04"]
[SourceVersion "1"]
[SourceVersionDate "2018.11.04"]
[SourceQuality "1"]

1. e4 e5 2. Nf3 Nc6 3. Bc4 Bc5 4. 0-0 Nf6 5. d3 0-0 6. Be3 Bxe3 7. fxe3 d5 8. exd5 Nxd5 9. Qe1 Bg4 10. Nbd2 Na5 11. Nxe5 Nxc4 12. dxc4 Nf6 13. Rxf6 Qxf6 14. Nxg4 Qxb2 15. Nf3 Qxc2 16. Qh4 Rad8 17. Nd4 Qxc4 18. Rf1 c5 19. Nf5 Qe2 20. Nf6+ gxf6 21. Qg3+ 1-0

[Event "LAT-chT"]
[Site "Riga"]
[Date "2018.09.09"]
[Round "7.4"]
[White "Mierins, Eriks"]
[Black "Fridman, Daniel"]
[Result "0-1"]
[WhiteElo "2266"]
[BlackElo "2591"]
[PlyCount "98"]
[EventDate "2018.06.09"]
[EventType "team-tourn"]
[EventRounds "11"]
[EventCountry "LAT"]
[SourceTitle "EXT 2019"]
[Source "ChessBase"]
[SourceDate "2018.10.10"]
[SourceVersion "1"]
[SourceVersionDate "2018.10.10"]
[SourceQuality "1"]
[WhiteTeam "RTU/Juniors"]
[BlackTeam "Ventspils"]
[WhiteTeamCountry "LAT"]
[BlackTeamCountry "LAT"]

1. e4 c6 2. d4 d5 3. e5 c5 4. dxc5 Nc6 5. Bb5 e6 6. b4 a5 7. Bxc6+ bxc6 8. c3 axb4 9. cxb4 Qh4 10. Qb3 Qe4+ 11. Ne2 Qxe5 12. Bb2 Qe4 13. Nd2 Qg6 14. 0-0 Nf6 15. a4 Nd7 16. f4 Rb8 17. Bd4 Nxc5 18. Qe3 Ne4 19. Nxe4 Qxe4 20. Qxe4 dxe4 21. Rfb1 Rxb4 22. Rxb4 Bxb4 23. Rb1 Bd6 24. Rb6 Kd7 25. Nc3 f5 26. a5 Bc7 27. Rb1 Bxa5 28. Ra1 e5 29. Bxe5 Bb6+ 30. Kf1 Ke7 31. Ra8 Rd8 32. Na4 Bb7 33. Rxd8 Ba6+ 34. Ke1 Bxd8 35. Bxg7 Kd6 36. Kd2 Bb5 37. Nc3 Ba5 38. Bf8+ Ke6 39. Bc5 Bd3 40. Bd4 h5 41. g3 Bb4 42. Ke3 c5 43. Be5 Ba3 44. Na4 Bc1+ 45. Kf2 Kd5 46. Nb6+ Kc6 47. Nc8 e3+ 48. Kf3 Bd2 49. Ne7+ Kb7 0-1

[Event "Riga Tech op 8th"]
[Site "Riga"]
[Date "2018.08.11"]
[Round "8"]
[White "Bluebaum, Matthias"]
[Black "Mierins, Eriks"]
[Result "1-0"]
[WhiteElo "2637"]
[BlackElo "2235"]
[PlyCount "91"]
[EventDate "2018.08.06"]
[EventType "swiss"]
[EventRounds "9"]
[EventCountry "LAT"]
[SourceTitle "CBM 185 Extra"]
[Source "ChessBase"]
[SourceDate "2018.07.29"]
[SourceVersion "1"]
[SourceVersionDate "2018.07.29"]
[SourceQuality "1"]

1. d4 Nf6 2. c4 e6 3. g3 d5 4. Bg2 Bb4+ 5. Nd2 c6 6. Ngf3 Nbd7 7. 0-0 0-0 8. Qc2 Re8 9. Rd1 Qe7 10. e4 dxe4 11. Nxe4 Nxe4 12. Qxe4 f6 13. Qc2 Qf7 14. c5 Ba5 15. Bf4 Nf8 16. Bd6 Ng6 17. b4 Bc7 18. Bxc7 Qxc7 19. Nd2 Bd7 20. Nc4 Nh8 21. Be4 f5 22. Bg2 Nf7 23. f4 b5 24. Na5 a6 25. a4 Nh6 26. Bf3 Kf7 27. Qg2 Rac8 28. Ra3 Ng8 29. Rda1 Ne7 30. axb5 axb5 31. Nb3 Nd5 32. Qd2 Rb8 33. Nc1 Kg8 34. Nd3 Re7 35. Ne5 Be8 36. Bxd5 exd5 37. Qa2 Kf8 38. Ra8 Rb7 39. Qc2 g6 40. R1a6 Kg7 41. Qa2 h6 42. Rxe8 Rxe8 43. Rxc6 Qd8 44. Rxg6+ Kh7 45. Qa6 Ree7 46. Rxh6+ 1-0

[Event "Riga Tech op 8th"]
[Site "Riga"]
[Date "2018.08.07"]
[Round "3"]
[White "Mierins, Eriks"]
[Black "Lagunow, Raphael"]
[Result "1-0"]
[WhiteElo "2235"]
[BlackElo "2404"]
[PlyCount "107"]
[EventDate "2018.08.06"]
[EventType "swiss"]
[EventRounds "9"]
[EventCountry "LAT"]
[SourceTitle "CBM 185 Extra"]
[Source "ChessBase"]
[SourceDate "2018.07.29"]
[SourceVersion "1"]
[SourceVersionDate "2018.07.29"]
[SourceQuality "1"]

1. e4 c5 2. Nf3 Nc6 3. d4 cxd4 4. Nxd4 Nf6 5. Nc3 e5 6. Ndb5 d6 7. Bg5 a6 8. Na3 b5 9. Nd5 Be7 10. Bxf6 Bxf6 11. c4 b4 12. Nc2 a5 13. g3 Bg5 14. h4 Bh6 15. Nce3 Bxe3 16. Nxe3 Nd4 17. Bg2 Ra7 18. 0-0 0-0 19. Qd3 Rc7 20. b3 a4 21. Nc2 Nxc2 22. Qxc2 Be6 23. Qd2 Rc6 24. Qxb4 axb3 25. axb3 Rb6 26. Qc3 Qb8 27. Ra3 Qb7 28. Rd1 Qc7 29. Rd3 Rfb8 30. Qd2 h6 31. Kh2 Qc5 32. Ra5 Qc7 33. Ra3 Qc5 34. Qa2 Qb4 35. Ra6 Rxa6 36. Qxa6 Rb6 37. Qa1 Qc5 38. Qe1 Kf8 39. Bh3 Ke7 40. Bxe6 fxe6 41. Qe3 Qxe3 42. Rxe3 Kd7 43. Kh3 Kc6 44. Kg4 Kc5 45. Kh5 Kd4 46. Kg6 Rb7 47. h5 Ra7 48. Re1 Kc3 49. Rd1 Kxb3 50. Rxd6 Kxc4 51. g4 Kc5 52. Rd8 Rb7 53. f3 Rb3 54. Rf8 1-0

[Event "LAT-ch"]
[Site "Riga"]
[Date "2018.05.02"]
[Round "4"]
[White "Krivonosov, Oleg"]
[Black "Mierins, Eriks"]
[Result "1/2-1/2"]
[WhiteElo "2413"]
[BlackElo "2192"]
[PlyCount "105"]
[EventDate "2018.04.30"]
[EventType "swiss"]
[EventRounds "9"]
[EventCountry "LAT"]
[SourceTitle "CBM 184 Extra"]
[Source "ChessBase"]
[SourceDate "2018.06.28"]
[SourceVersion "1"]
[SourceVersionDate "2018.06.28"]
[SourceQuality "1"]

1. Nf3 Nf6 2. c4 e6 3. g3 d5 4. d4 dxc4 5. Qa4+ Nbd7 6. Bg2 a6 7. Nc3 Rb8 8. Qxc4 b5 9. Qd3 Bb7 10. 0-0 c5 11. dxc5 Bxc5 12. Bf4 Rc8 13. Rad1 0-0 14. Ne5 Bxg2 15. Kxg2 Nxe5 16. Bxe5 Be7 17. Qxd8 Rfxd8 18. Rxd8+ Rxd8 19. Rd1 Rxd1 20. Nxd1 Nd7 21. Bc7 f5 22. f3 Kf7 23. Nf2 Nf6 24. Nd3 Nd5 25. Ba5 Bf6 26. Bd2 Bd4 27. f4 Nf6 28. e3 Bb6 29. Kf3 g6 30. Ke2 Ke8 31. Bb4 Ne4 32. Nf2 Nxf2 33. Kxf2 Kd7 34. Kf3 Kc6 35. e4 h5 36. h3 a5 37. Bd2 a4 38. b3 axb3 39. axb3 Bd4 40. Bb4 Bc5 41. Bc3 Bg1 42. Bb4 Bd4 43. g4 hxg4+ 44. hxg4 Bc5 45. Bc3 Bg1 46. Bb4 Bd4 47. gxf5 gxf5 48. exf5 exf5 49. Ke2 Kd5 50. Kd3 Bb6 51. Bd2 Bc7 52. Bc1 Bd6 53. Bd2 1/2-1/2

[Event "LAT-chT"]
[Site "Riga"]
[Date "2017.11.17"]
[Round "1.3"]
[White "Berzinsh, Roland"]
[Black "Mierins, Eriks"]
[Result "0-1"]
[WhiteElo "2434"]
[BlackElo "2172"]
[PlyCount "68"]
[EventDate "2017.11.17"]
[EventType "team-swiss"]
[EventRounds "7"]
[EventCountry "LAT"]
[SourceTitle "CBM 181 Extra"]
[Source "ChessBase"]
[SourceDate "2017.12.12"]
[SourceVersion "1"]
[SourceVersionDate "2017.12.12"]
[SourceQuality "1"]
[WhiteTeam "Termo Eko/RSF"]
[BlackTeam "RTU Juniors"]
[WhiteTeamCountry "LAT"]
[BlackTeamCountry "LAT"]

1. d4 d5 2. Bf4 Nf6 3. e3 e6 4. Nf3 c5 5. Nbd2 Nc6 6. c3 a6 7. Bd3 c4 8. Bc2 Bd6 9. Bxd6 Qxd6 10. e4 Qf4 11. e5 Nh5 12. h4 Qg4 13. Nf1 f5 14. Ne3 Qg6 15. g4 Nf4 16. Rg1 Qh6 17. gxf5 exf5 18. Qd2 Ne7 19. 0-0-0 Bd7 20. Ng5 Qxh4 21. Rde1 0-0 22. Rg3 Nd3+ 23. Bxd3 cxd3 24. Ng2 Qh6 25. Rh3 Qg6 26. e6 f4 27. Nxh7 Qxg2 28. Qxd3 Bb5 29. Nf6+ Rxf6 30. Qh7+ Kf8 31. Rhh1 Ng6 32. Rh5 Qxf2 33. Rhe5 Bd3 34. e7+ Kf7 0-1

[Event "Keres Memorial rap 26th"]
[Site "Tallinn"]
[Date "2017.01.14"]
[Round "2"]
[White "Shirov, Alexei"]
[Black "Mierins, Eriks"]
[Result "1-0"]
[WhiteElo "2683"]
[BlackElo "2150"]
[PlyCount "55"]
[EventDate "2017.01.14"]
[EventType "swiss (rapid)"]
[EventRounds "11"]
[EventCountry "EST"]
[SourceTitle "CBM 176 Extra"]
[Source "ChessBase"]
[SourceDate "2017.03.02"]
[SourceVersion "1"]
[SourceVersionDate "2017.03.02"]
[SourceQuality "1"]

1. d4 d5 2. c4 c6 3. Nf3 Nf6 4. e3 e6 5. Nc3 Nbd7 6. Qc2 Be7 7. Bd3 0-0 8. 0-0 dxc4 9. Bxc4 b5 10. Bd3 Bb7 11. e4 g6 12. e5 Nd5 13. Nxd5 exd5 14. Bh6 Re8 15. e6 Nf8 16. exf7+ Kxf7 17. Ne5+ Kg8 18. Nxc6 Bxc6 19. Qxc6 Bf6 20. Bxb5 Re4 21. Bc4 Rxd4 22. Bb3 Rc8 23. Qa6 Rh4 24. Rad1 Be5 25. g3 Rc5 26. Qxa7 Qc8 27. Qxc5 Qxc5 28. Rxd5 1-0

[Event "EU-ch blitz"]
[Site "Tallinn"]
[Date "2016.12.17"]
[Round "2"]
[White "Mierins, Eriks"]
[Black "Ponomariov, Ruslan"]
[Result "0-1"]
[WhiteElo "2150"]
[BlackElo "2709"]
[PlyCount "74"]
[EventDate "2016.12.17"]
[EventType "swiss (blitz)"]
[EventRounds "26"]
[EventCountry "EST"]
[SourceTitle "CBM 176 Extra"]
[Source "ChessBase"]
[SourceDate "2017.03.02"]
[SourceVersion "1"]
[SourceVersionDate "2017.03.02"]
[SourceQuality "1"]

1. e4 e5 2. Nf3 Nc6 3. Bb5 g6 4. 0-0 Bg7 5. c3 a6 6. Ba4 d6 7. h3 Bd7 8. d4 Nf6 9. Re1 0-0 10. d5 Ne7 11. c4 Kh8 12. Nc3 Neg8 13. b4 Nh5 14. c5 Bh6 15. Bxh6 Nxh6 16. Rb1 Nf4 17. Ne2 Nxh3+ 18. gxh3 Bxh3 19. Rb3 Bg4 20. Nh2 Bh5 21. Rh3 f5 22. Bc2 Ng4 23. f3 Ne3 24. Qc1 f4 25. Kh1 Qd7 26. Rh4 a5 27. a3 axb4 28. axb4 Qb5 29. Qd2 dxc5 30. bxc5 Qxc5 31. Qc3 Qxc3 32. Nxc3 Nxc2 33. Rc1 Nd4 34. Rh3 Ra3 35. Ng4 Bxg4 36. fxg4 f3 37. Kg1 Rxc3 0-1

[Event "EU-ch blitz"]
[Site "Tallinn"]
[Date "2016.12.17"]
[Round "1"]
[White "Ponomariov, Ruslan"]
[Black "Mierins, Eriks"]
[Result "1-0"]
[WhiteElo "2709"]
[BlackElo "2150"]
[PlyCount "73"]
[EventDate "2016.12.17"]
[EventType "swiss (blitz)"]
[EventRounds "26"]
[EventCountry "EST"]
[SourceTitle "CBM 176 Extra"]
[Source "ChessBase"]
[SourceDate "2017.03.02"]
[SourceVersion "1"]
[SourceVersionDate "2017.03.02"]
[SourceQuality "1"]

1. e4 e5 2. Nf3 Nc6 3. Bc4 Bc5 4. d3 d6 5. c3 Nf6 6. a4 a5 7. Bg5 h6 8. Bh4 g5 9. Bg3 Bg4 10. h3 Bh5 11. Nbd2 Qd7 12. Qc2 0-0-0 13. Bb5 Kb8 14. d4 exd4 15. cxd4 Bxf3 16. Nxf3 Bb4+ 17. Kf1 Qe7 18. e5 Nd5 19. Bxc6 bxc6 20. Qxc6 Nf4 21. Kg1 h5 22. Bxf4 gxf4 23. Kh2 Rhg8 24. Rac1 Qd7 25. Qa6 Qxa4 26. Rxc7 Kxc7 27. Qa7+ Kc6 28. Rc1+ Kd5 29. Qxf7+ Ke4 30. Qh7+ Kd5 31. Qb7+ Ke6 32. d5+ Kf5 33. Qh7+ Rg6 34. Qxh5+ Ke4 35. Qxg6+ Kxd5 36. e6 Qe8 37. Qf5# 1-0

[Event "Palma de Mallorca Arenal op"]
[Site "Palma de Mallorca"]
[Date "2016.10.22"]
[Round "3"]
[White "Mierins, Eriks"]
[Black "Ballesteros Gonzalez, David"]
[Result "1-0"]
[WhiteElo "2140"]
[BlackElo "2167"]
[PlyCount "86"]
[EventDate "2016.10.20"]
[EventType "swiss"]
[EventRounds "7"]
[EventCountry "ESP"]
[SourceTitle "EXT 2018"]
[Source "ChessBase"]
[SourceDate "2017.10.13"]
[SourceVersion "1"]
[SourceVersionDate "2017.10.13"]
[SourceQuality "1"]

1. e4 g6 2. d4 d6 3. Be3 Bg7 4. Nc3 c6 5. Qd2 h5 6. 0-0-0 b5 7. f4 Nf6 8. e5 Ng4 9. Nf3 d5 10. Bg1 Qa5 11. a3 Nh6 12. Kb1 Bf5 13. h3 Qb6 14. Ne2 a5 15. b3 e6 16. Ng3 Bf8 17. Kb2 Qd8 18. Rh2 h4 19. Ne2 Nd7 20. Bf2 Be7 21. Qe1 a4 22. b4 Nb6 23. Rc1 Nc4+ 24. Ka2 Ng8 25. Nc3 Rb8 26. Bxc4 dxc4 27. Kb2 Kd7 28. Rd1 Ke8 29. Rh1 Rb7 30. Rf1 Rh5 31. Qe3 g5 32. Nxg5 Bxg5 33. Qf3 Bg6 34. Qxc6+ Qd7 35. Qxd7+ Kxd7 36. fxg5 Rxg5 37. Rg1 Rh5 38. d5 Rxe5 39. dxe6+ Kxe6 40. Bxh4 Ne7 41. Bg3 Re3 42. Bf2 Rxc3 43. Kxc3 Nd5+ 1-0

[Event "EU-ch rapid"]
[Site "Warsaw"]
[Date "2012.12.15"]
[Round "2"]
[White "Mierins, Eriks"]
[Black "Petrosian, Tigran L"]
[Result "0-1"]
[WhiteElo "2105"]
[BlackElo "2648"]
[PlyCount "130"]
[EventDate "2012.12.15"]
[EventType "swiss (rapid)"]
[EventRounds "11"]
[EventCountry "POL"]
[SourceTitle "EXT 2014"]
[Source "ChessBase"]
[SourceDate "2013.11.20"]
[SourceVersion "1"]
[SourceVersionDate "2013.11.20"]
[SourceQuality "1"]

1. e4 d6 2. d4 g6 3. Be3 Bg7 4. Nc3 a6 5. f3 b5 6. Qd2 Nd7 7. g4 Bb7 8. Bg2 c5 9. d5 Ne5 10. Qc1 Nc4 11. Bf2 Qa5 12. Nge2 Nf6 13. 0-0 Nd7 14. a4 b4 15. Nd1 Qc7 16. b3 Na5 17. Rb1 0-0 18. Qd2 e6 19. dxe6 fxe6 20. Bg3 Ne5 21. Ne3 Rad8 22. Rbd1 g5 23. f4 gxf4 24. Nxf4 Qe7 25. Nh5 Nac6 26. Nxg7 Rxf1+ 27. Rxf1 Kxg7 28. h3 Nd4 29. Qf2 Rf8 30. Qxf8+ Qxf8 31. Rxf8 Kxf8 32. Bxe5 dxe5 33. Kf2 h6 34. Nc4 Nxc2 35. Nxe5 Ke7 36. Nd3 c4 37. bxc4 a5 38. Nc5 Bc6 39. Ke2 e5 40. Kd2 Nd4 41. h4 Kd6 42. Nd3 Bxa4 43. g5 hxg5 44. hxg5 Ne6 45. g6 Be8 46. g7 Nxg7 47. c5+ Ke6 48. Bh3+ Kf6 49. Bc8 Bc6 50. Nb2 Bxe4 51. Bd7 Ne6 52. c6 Nc7 53. Ke3 Bd5 54. Na4 Ke7 55. Nc5 Bg2 56. Kd3 Bf3 57. Kc4 Bd5+ 58. Kd3 Nb5 59. Kd2 e4 60. Ke3 b3 61. Na4 Kd6 62. Nb2 Na3 63. Be8 Nc4+ 64. Nxc4+ Bxc4 65. Bg6 Bd3 0-1